Central Library OPAC University of Rajshahi

Bernard Shaw, the darker side / (Record no. 20917)

MARC details
000 -LEADER
fixed length control field 00920nam a22002772 4500
001 - CONTROL NUMBER
control field 20917
003 - CONTROL NUMBER IDENTIFIER
rucl marc code BD-RjUL
005 - DATE AND TIME OF LATEST TRANSACTION
control field 20211209000628.0
008 - FIXED-LENGTH DATA ELEMENTS--GENERAL INFORMATION
fixed length control field 140302s1982 caua b 001 0beng
020 ## - INTERNATIONAL STANDARD BOOK NUMBER
International Standard Book Number 0804710910
035 ## - SYSTEM CONTROL NUMBER
System control number (BD-RjUL)20979
040 ## - CATALOGING SOURCE
Original cataloging agency DLC
Transcribing agency DLC
Modifying agency BD-RjUL
Language of cataloging eng
041 ## - LANGUAGE CODE
Language code of text/sound track or separate title eng
082 00 - DEWEY DECIMAL CLASSIFICATION NUMBER
Classification number 822.912
Edition number 19
100 1# - MAIN ENTRY--PERSONAL NAME
Personal name Silver, Arnold .
Dates associated with a name 1927-
Fuller form of name Arnold Silver.
9 (RLIN) 64605
245 10 - TITLE STATEMENT
Title Bernard Shaw, the darker side /
Statement of responsibility, etc. Arnold Silver.
260 ## - PUBLICATION, DISTRIBUTION, ETC. (IMPRINT)
Place of publication, distribution, etc. Stanford, Calif. :
Name of publisher, distributor, etc. Stanford University Press,
Date of publication, distribution, etc. 1982.
300 ## - PHYSICAL DESCRIPTION
Pagination xii, 353 p. :
Illustrations ill. ;
Size 24 cm.
504 ## - BIBLIOGRAPHY, ETC. NOTE
Bibliography, etc Includes bibliographical references and index.
600 10 - SUBJECT ADDED ENTRY--PERSONAL NAME
Personal name Shaw, Bernard,
Dates associated with a name 1856-1950
General subdivision Criticism and interpretation.
Personal name Shaw, Bernard,
Dates associated with a name 1856-1950
General subdivision Psychology.
650 #0 - SUBJECT ADDED ENTRY--TOPICAL TERM
Topical term or geographic name as entry element Dramatists, Irish
Chronological subdivision 20th century
Form subdivision Biography.
9 (RLIN) 64608
942 ## - ADDED ENTRY ELEMENTS (KOHA)
Source of classification or shelving scheme Dewey Decimal Classification
Koha item type Books
Holdings
Lost status Source of classification or shelving scheme Damaged status Not for loan Collection code Permanent Location Current Location Shelving location Date acquired Source of acquisition Total Checkouts Full call number Date last seen Copy number Koha item type
  Dewey Decimal Classification   Added to bundle Fiction Central Library, University of Rajshahi Central Library, University of Rajshahi Reading Room 11/08/1990 Asia foundation   822.912 SIB 1982 02/03/2014 C-1 Books